[Event "6th Vardaris Open 2020"]
[Site "Thessaloniki"]
[Date "2020.02.29"]
[Round "3.11"]
[White "Krallis, Christos"]
[Black "Stefanou, Dimitrios"]
[Result "*"]
[WhiteElo "2276"]
[BlackElo "1996"]
[Annotator "TA"]
[PlyCount "23"]
[EventDate "2020.02.27"]
[EventType "swiss"]
[EventCountry "GRE"]
[SourceTitle "playchess.com"]
[Source "ChessBase"]
[SourceQuality "1"]

{[%evp 9,23,-3,0,0,0,-7,8,0,0,-41,-43,-75,-50,-74,-24,-16]} 1. c4 e5 2. g3 Nf6 3. Bg2 c6 4. d4 e4 5. d5 Bb4+ 6. Bd2 {A20: English Opening: 1...e5.} Qe7 7. Nc3 cxd5 8. cxd5 {The position is equal.} O-O {[#]} 9. Qa4 $146 ({Predecessor:} 9. e3 Na6 10. Nge2 d6 11. O-O Bg4 12. h3 Bxe2 13. Qxe2 Bxc3 14. Bxc3 Nxd5 15. Bd4 {½-½ (63) Badelka,O (2388)-Vokhidov,S (2412) Ahmedabad 2017}) 9... Na6 10. a3 Bxc3 $1 11. Bxc3 Nc5 12. Qd1 *

[Event "6th Vardaris Open 2020"]
[Site "Thessaloniki"]
[Date "2020.02.29"]
[Round "3.12"]
[White "Christodoulou, Panormitis"]
[Black "Gu, Tianlu"]
[Result "0-1"]
[WhiteElo "1670"]
[BlackElo "2253"]
[Annotator "TA"]
[PlyCount "154"]
[EventDate "2020.02.27"]
[EventType "swiss"]
[EventCountry "GRE"]
[SourceTitle "playchess.com"]
[Source "ChessBase"]
[SourceQuality "1"]

{[%evp 12,154,20,20,94,81,133,80,77,70,78,75,81,68,69,52,55,15,17,21,23,21,58,4,8,0,-1,0,0,-6,9,7,17,5,22,10,25,0,0,0,43,33,36,31,23,10,50,12,47,8,7,-30,-17,-9,0,0,0,0,0,-35,-37,-33,-15,-16,-20,-16,0,0,0,0,33,-89,-18,-73,-16,-20,-4,-66,-64,-72,-74,-124,-107,-489,-482,-458,-439,-1217,-1217,-668,-668,-668,0,-36,0,-668,-381,-381,-375,-372,-175,-167,-167,-167,-167,-366,-247,-457,-442,-624,-306,-6765,-4718,-29966,-11217,-5202,-1117,-29943,-12844,-29952,-29956,-29978,-29979,-29979,-5600,-29979,-1850,-1835,-1777,-29988,-12800,-29989,-29990,-29990,-29991,-29995,-29990,-29992,-29993,-29996,-29997,-29997,-29994,-29998,-29994]} 1. e4 c5 2. Nf3 Nc6 3. Bb5 e6 4. c3 Nge7 5. O-O a6 6. Ba4 b5 7. Bc2 e5 {B30: Sicilian: 2...Nc6 3 Bb5, lines without ...g6.} (7... d5 $11) 8. d4 $16 d6 ({Black should play} 8... cxd4 9. cxd4 exd4) 9. dxe5 (9. a4 $142 b4 10. dxc5) 9... dxe5 {White is better.} 10. Qxd8+ Kxd8 11. a4 Rb8 12. axb5 axb5 {[#]} 13. Ng5 $146 ({Predecessor:} 13. Be3 Ng6 14. Nbd2 Bd6 15. Rfd1 Ke7 16. h3 Nf8 17. Nb3 Ne6 18. Rd5 c4 19. Nc5 {½-½ (60) Posch,R (2126)-Gelbenegger,P (2237) Kirchberg 2019}) 13... Ke8 14. Be3 f6 15. Nf3 Ng6 16. Nbd2 Nf4 17. Nb3 (17. Bxf4 $14 exf4 18. e5) 17... Ne6 $11 18. Ra2 Be7 19. Rfa1 Kf7 20. Na5 Ned8 21. Nd2 Be6 22. Bb3 c4 23. Bc2 b4 24. Bd1 ({Much weaker is} 24. Naxc4 b3 $15) 24... Nxa5 25. Rxa5 Nc6 26. Ra6 Rhc8 27. Be2 Nd8 28. Kf1 g6 29. g3 Nb7 30. cxb4 Bxb4 31. Rb6 Nd6 {Threatens to win with ...Rxb6.} 32. Ra7+ Kg8 33. Raa6 Bxd2 34. Bxd2 Nxe4 35. Bc3 (35. Be3 {is interesting.} c3 36. bxc3 Rxb6 37. Rxb6 Bd5 38. f3) 35... Rxb6 36. Rxb6 Nc5 37. Bb4 Bh3+ 38. Ke1 Na4 39. Rxf6 Nxb2 40. Bc3 Na4 41. Rf3 (41. Bxe5 $14 {keeps the upper hand.} c3 42. Rf4) 41... Be6 (41... Bg4 $1 $17 {[%cal Rg4f3]} 42. Re3 Bxe2 43. Kxe2 Nxc3+ 44. Rxc3 Kf7) 42. Bd1 (42. Bxe5 $11 c3 43. Kd1) 42... Nc5 (42... Bd5 $17 43. Re3 Nxc3 44. Rxc3 Kf7) 43. Bc2 e4 44. Re3 (44. Rf6 $11) 44... Bd5 $15 45. Bd4 Nd3+ 46. Ke2 Ra8 47. Bxd3 $4 {[%mdl 8192]} (47. Kd2 $17 {is tougher.}) 47... cxd3+ $17 {[%mdl 4096] Endgame KRB-KRB} (47... exd3+ $2 48. Ke1 $19) 48. Ke1 Rc8 {White must now prevent ...Rc1+.} 49. f3 (49. Bb2 $142) 49... Rc1+ $19 50. Kd2 Rc2+ 51. Ke1 Rc1+ $2 ({Better is} 51... Rxh2 $19 52. Bb6 Bc6 53. Rxe4 Bxe4 54. fxe4 Kf7) 52. Kd2 $15 Rc2+ $2 {[%mdl 8192]} (52... Rh1 $15 53. fxe4 Bc4) 53. Ke1 $19 {Black keeps a firm grip on the game.} Bb3 {aiming for ...Ba4.} 54. fxe4 d2+ 55. Kd1 Rb2+ (55... Ba4 $142 56. Ra3 Ra2+ 57. Rxa4 Rxa4) 56. Rxb3 Rxb3 57. Kxd2 {KR-KB} Ra3 58. Bf2 $2 (58. Bb2 Rf3 59. Ke2) 58... Kf7 59. g4 $2 {[#]} (59. Bd4) 59... Kf6 $1 60. Bg3 (60. Bd4+ $142 Kg5 61. e5) 60... Kg5 61. e5 $2 (61. Bd6 Ra6 62. Bg3) 61... Kxg4 62. Ke2 Kf5 (62... Rxg3 $142 63. hxg3 Kf5 64. Kf3 Kxe5 65. Ke3 Kf5 66. Kf2 Kg4 67. Kg2 g5 68. Kh2 Kf3 69. Kg1 Kxg3 70. Kf1 Kf3 71. Ke1 g4 72. Kd1 g3 73. Kd2 h5 74. Kd3 h4 75. Kd4 g2 76. Ke5 h3 77. Kd6 h2 78. Ke6 h1=Q 79. Kd5 g1=Q 80. Ke5 Qb6 81. Kd5 Ke3+ 82. Ke5 Qh5#) 63. Kf2 g5 (63... h5 $142 64. e6 Kxe6) 64. h3 h5 65. Kg2 h4 66. Bh2 Ra2+ 67. Kg1 {[#]} Re2 (67... Rxh2 $142 $1 {[%mdl 512]} 68. Kxh2 Kxe5 69. Kg1 Ke4 70. Kf2 Kf4 71. Kg2 Ke3 72. Kh1 Kf3 73. Kh2 Kf2 74. Kh1 Kg3 75. Kg1 Kxh3 76. Kf1 g4 77. Kf2 g3+ 78. Kg1 g2 79. Kf2 Kh2 80. Ke3 g1=Q+ 81. Ke4 Qc5 82. Kf4 h3 83. Ke4 Kg2 84. Kf4 h2 85. Ke4 h1=Q 86. Kd3 Qf1+ 87. Ke4 Qff5#) 68. Kh1 Ke4 (68... Rxh2+ $142 69. Kxh2 Kg6 70. Kg2 Kf5 71. Kh2 Kxe5 72. Kg2 Kf6 73. Kf3 Kg6 74. Kg4 Kh6 75. Kf3 Kh5 76. Ke3 Kg6 77. Ke4 Kh7 78. Kf5 Kh6 79. Kf6 Kh5 80. Kf5 Kh6 81. Kf6 Kh7 82. Kxg5 Kh8 83. Kxh4 Kh7 84. Kh5 Kh8 85. Kh6 Kg8 86. Kh5 Kh8 87. Kh6 Kg8 88. Kh5 Kh8) 69. e6 Kf3 {( -> ...Re1+)} 70. e7 Re1+ 71. Bg1 Kg3 {Black mates.} 72. e8=Q Rxe8 73. Bb6 Kxh3 74. Ba7 g4 75. Bg1 g3 {[%csl Gh3][%cal Rg3g2]} 76. Bf2 g2+ 77. Kg1 Rd8 {Accuracy: White = 47%, Black = 69%.} 0-1

[Event "6th Vardaris Open 2020"]
[Site "Thessaloniki"]
[Date "2020.02.29"]
[Round "3.13"]
[White "Ladopoulos, Dimitrios"]
[Black "Koudounis, Vasileios"]
[Result "1-0"]
[WhiteElo "2253"]
[BlackElo "1896"]
[Annotator "TA"]
[PlyCount "67"]
[EventDate "2020.02.27"]
[EventType "swiss"]
[EventCountry "GRE"]
[SourceTitle "playchess.com"]
[Source "ChessBase"]
[SourceQuality "1"]

{[%evp 9,67,0,0,0,5,0,31,-9,9,9,23,-28,0,-18,-6,-11,0,-10,10,-18,-15,-14,-6,-14,-12,0,-7,0,0,0,0,0,0,0,12,0,0,0,0,0,19,12,69,74,156,156,167,166,158,158,170,137,433,433,437,420,418,417,29986,29987]} 1. e4 c5 2. Nf3 e6 3. g3 Nc6 4. Bg2 Nf6 5. Qe2 e5 6. O-O {B40: Sicilian: 2...e6, Unusual lines.} Be7 7. c3 d6 8. h3 {White is slightly better.} O-O 9. Rd1 Re8 10. d3 ({White should play} 10. d4 exd4 11. cxd4) 10... Bf8 11. Nbd2 {[%cal Bb1d2,Bd2c4,Bc4e3,Be3f1][%mdl 32] [#]} Rb8 $146 ({Predecessor:} 11... b6 12. Nf1 h6 13. b3 Bb7 14. Bb2 g6 15. g4 Bg7 16. Ng3 d5 17. Nh2 d4 {0-1 (59) Peiris,T (2134)-Istratescu,A (2596) London 2016}) 12. Nc4 b5 13. Ne3 b4 14. c4 Nd4 15. Nxd4 exd4 16. Nf1 d5 17. cxd5 Nxd5 {[%mdl 64] Pin} 18. Qc2 {[#]} b3 $1 {[%mdl 512]} 19. axb3 Nb4 20. Qe2 Ba6 21. f4 Qb6 22. e5 f6 23. Be4 fxe5 24. fxe5 Qe6 25. Qf3 Rb6 (25... Bb5 $11) 26. Bd2 {Strongly threatening Bxb4.} Rd8 (26... Bxd3 $142 27. Bxd3 Nxd3 28. Qxd3 Rxb3) 27. Bxb4 $1 $16 cxb4 {[#]} 28. Ra5 $1 ({Inferior is} 28. Qh5 g6 $11) 28... Kh8 29. Rda1 Be7 30. Bd5 $40 {[%mdl 128] Black is in trouble.} Qh6 $2 {[%mdl 8192] This move loses the game for Black.} (30... Qxe5 $16 31. Rxa6 Qxd5 32. Qxd5 Rxd5) 31. Qf7 $18 Bg5 32. e6 Bxd3 33. e7 Be3+ {[#]} (33... Bxe7 $18 34. Qxe7 Qf6 35. Rxa7 h5) 34. Kh2 $1 {[%mdl 512] Accuracy: White = 84%, Black = 65%.} 1-0

[Event "6th Vardaris Open 2020"]
[Site "Thessaloniki"]
[Date "2020.02.29"]
[Round "3.14"]
[White "Stoinev, Metodi"]
[Black "Theoharidis, Georgios"]
[Result "1-0"]
[WhiteElo "2206"]
[BlackElo "1813"]
[Annotator "TA"]
[PlyCount "107"]
[EventDate "2020.02.27"]
[EventType "swiss"]
[EventCountry "GRE"]
[SourceTitle "playchess.com"]
[Source "ChessBase"]
[SourceQuality "1"]

{[%evp 18,107,26,37,89,88,86,81,101,79,111,23,27,13,18,17,22,17,19,0,-12,-10,0,-6,0,0,0,0,0,0,0,-32,0,0,0,6,9,16,10,0,0,0,0,0,0,0,0,0,0,0,0,0,0,0,44,44,143,142,134,124,170,162,233,233,233,233,233,234,234,193,758,656,622,622,617,440,862,0,729,668,1299,819,2128,1994,1870,1831,4290,4134,29984,29985,29985,29985]} 1. e4 e6 2. d4 d5 3. Nd2 {[%cal Bb1d2,Bd2f1,Bf1e3,Be3g4][%mdl 32]} Nc6 4. Ngf3 Nf6 5. e5 Nd7 6. Be2 f6 7. exf6 Qxf6 8. Nf1 Bd6 9. Ne3 O-O 10. O-O Nb6 {C04: French Tarrasch: 3...Nc6.} ({Black should try} 10... Qg6 $14) 11. Ng4 Qf5 12. h3 $1 {[#]} Kh8 $146 {White is better.} ({Predecessor:} 12... e5 13. dxe5 Nxe5 14. Nfxe5 Bxe5 15. Bd3 Qe6 16. Re1 Nd7 {1-0 (45) Jimenez Fraga,P (2432)-Medina Diaz,R (2317) Santa Clara 2017}) 13. Bb5 Bd7 14. Be3 (14. c3 $16) 14... Nb4 $11 15. Bxd7 Nxd7 16. c3 Nc2 17. Rc1 Nxe3 18. fxe3 Qh5 19. Qd3 Nf6 20. Nfe5 Ne4 21. Rxf8+ Rxf8 22. Rf1 Rf5 23. c4 c6 24. c5 Bxe5 (24... Bb8 {is more complex.} 25. Nf3 Bg3 26. b4 Qe8 27. Nge5 a6) 25. Nxe5 Rxf1+ 26. Qxf1 {[%cal Rf1f8]} Kg8 27. g4 Qe8 28. b4 h6 29. a4 a6 30. Kg2 Nd2 31. Qe2 (31. Qf4 {keeps more tension.} Qe7 32. Nf3 Nxf3 33. Qb8+ Kh7 34. Kxf3 Qf6+ 35. Kg3) 31... Ne4 32. h4 Nc3 33. Qe1 Ne4 34. h5 Qe7 35. Qf1 Nd2 36. Qf4 Ne4 {[#] White now steadily converts the win.} (36... Qf6 $14) 37. Ng6 $1 $16 {Intending Qb8+ and mate.} Qd8 38. Qe5 $40 {[%mdl 128] White attacks with force.} Ng5 {[#]} 39. Qd6 $1 {[%cal Rd6d8]} Qxd6 (39... Qa8 $142 40. Qe7 Qb8) 40. cxd6 $18 {[%mdl 4096] Endgame Threatens to win with d7. KN-KN} Nf7 41. d7 Nd8 42. Kf3 {aiming for Kf4.} Kf7 43. e4 dxe4+ $2 (43... b6 44. Kf4 Kf6) 44. Kxe4 Kf6 45. a5 Nf7 46. Kf4 Nd8 47. Ke4 Nf7 48. Kd3 Nd8 49. Kc4 Kg5 50. Kc5 Kxg4 51. Kd6 c5 52. Ne5+ Kxh5 53. bxc5 g5 54. Ke7 {Accuracy: White = 81%, Black = 58%.} 1-0

[Event "6th Vardaris Open 2020"]
[Site "Thessaloniki"]
[Date "2020.02.29"]
[Round "3.15"]
[White "Samaridis, Konstantinos"]
[Black "Mitsiou, Konstantinos"]
[Result "1-0"]
[WhiteElo "2104"]
[BlackElo "1703"]
[Annotator "TA"]
[PlyCount "87"]
[EventDate "2020.02.27"]
[EventType "swiss"]
[EventCountry "GRE"]
[SourceTitle "playchess.com"]
[Source "ChessBase"]
[SourceQuality "1"]

{[%evp 10,87,58,39,56,48,56,47,76,73,78,71,124,120,118,118,127,118,135,128,158,161,176,174,168,161,172,150,154,145,163,177,175,173,191,176,216,214,221,215,219,208,189,166,165,180,170,167,235,185,542,282,564,558,1037,205,199,176,266,275,276,256,414,280,281,274,277,240,308,318,304,297,368,224,29995,29996,29996,29997,29997,789]} 1. e4 c5 2. Nf3 Nc6 3. Bb5 g6 4. O-O Bg7 5. Re1 d6 6. c3 a6 {B31: Sicilian: 2...Nc6 3 Bb5 g6.} 7. Bxc6+ bxc6 8. h3 {[#]} e6 $146 {White is slightly better.} ({Predecessor:} 8... e5 9. d4 cxd4 10. cxd4 exd4 11. Nxd4 Ne7 12. Nc3 O-O 13. Bg5 Bb7 14. Qd2 Re8 {1-0 (46) Wensing,M (1943)-Kaesemann,H (1776) Neustadt an der Weinstrasse 2017}) 9. d4 cxd4 10. cxd4 (10. Nxd4 $6 Ne7 $11) 10... d5 (10... Nf6 $142) 11. e5 $16 Ne7 12. Nc3 {[%cal Bb1c3,Bc3a4,Ba4c5][%mdl 32]} O-O 13. Bf4 Rb8 14. Na4 a5 15. Qd2 Ba6 16. Nc5 Ra8 17. Rac1 Qc7 18. Rc2 a4 19. Nxa4 Bb5 20. Nc3 Rfb8 21. b3 Rb6 22. Rec1 Rc8 23. g4 Qd7 24. Kg2 Bf8 25. Nxb5 cxb5 26. Bh6 Rxc2 27. Rxc2 {Strongly threatening Bxf8.} Bg7 28. Rc5 Nc6 (28... Rb7 $142 29. Qc1 (29. Bxg7 Kxg7 30. h4 h6 $16) 29... Ra7) 29. Qg5 Nb4 $2 (29... Bh8 {is more resistant.} 30. a3 Na7) 30. Qh4 {Threatens to win with Ng5.} Nxa2 $2 (30... Na6 31. Rc1 Rb8) 31. Ng5 $18 {Threatening mate with Bxg7.} f6 {[#]} 32. Bxg7 $2 (32. Nxh7 $1 {[%mdl 512] Intending Bxg7 and mate.} g5 (32... Kxh7 33. exf6) 33. Qh5 Kxh7 34. Bxg5+ {[%mdl 64] Discovered Attack} Kg8 35. exf6) 32... fxg5 33. Qh6 {Hoping for Bf8.} Rb8 (33... Rb7 {was necessary.} 34. Bf8 (34. Bf6 Rc7 $16) 34... b4) 34. Bf6 Nb4 35. Qxg5 Nc6 $2 (35... Rc8 {keeps fighting.} 36. Qc1 Nc6) 36. Qd2 Rc8 37. Qc1 Na7 38. h4 Rxc5 39. Qxc5 Kf7 40. Bg5 Nc8 41. Kf3 Kg7 $2 {[#]} (41... Ne7 $18 42. Kg3 Ng8) 42. Bh6+ $1 {[%mdl 576] Deflection, Decoy. White mates.} Kxh6 43. Qf8+ Qg7 44. g5+ {White took control after the opening. Accuracy: White = 73%, Black = 48%.} 1-0

[Event "6th Vardaris Open 2020"]
[Site "Thessaloniki"]
[Date "2020.02.29"]
[Round "3.16"]
[White "Deligiannis, Paraskevas"]
[Black "Dritsas, Stavros Nikolaos"]
[Result "1-0"]
[WhiteElo "2038"]
[BlackElo "1754"]
[Annotator "TA"]
[PlyCount "91"]
[EventDate "2020.02.27"]
[EventType "swiss"]
[EventCountry "GRE"]
[SourceTitle "playchess.com"]
[Source "ChessBase"]
[SourceQuality "1"]

{[%evp 9,91,5,13,22,28,12,90,54,54,50,50,47,40,38,54,32,85,73,137,89,87,70,173,185,261,283,348,347,358,313,312,300,300,290,368,369,389,397,416,416,469,460,501,506,534,574,571,573,563,554,703,625,665,655,659,422,690,649,1307,1262,1592,1542,1499,1027,2156,1432,1272,1087,6913,6753,5808,3882,29973,29975,29974,29974,29975,29977,29974,29977,29985,29986,29988,29987]} 1. c4 Nf6 2. g3 e6 3. Bg2 d5 4. Nf3 d4 5. O-O Be7 6. b4 {[%cal Bb2b4,Bb4b5][%mdl 32] A13: English Opening: 1...e6.} O-O 7. Bb2 {[#]} d3 $146 (7... c5 $11) ({Predecessor:} 7... c5 8. d3 a5 9. bxc5 Bxc5 10. Ba3 Na6 11. Bxc5 Nxc5 12. Nbd2 a4 13. Qb1 Qd6 {½-½ (65) Fressinet,L (2687)-Hou,Y (2663) Almaty 2016}) 8. Qb3 {White is better.} dxe2 9. Re1 Nc6 10. b5 Na5 11. Qc3 c6 12. a4 {[%cal Ba2a4,Ba4b5][%mdl 32]} Ne8 ({Black should play} 12... Qc7 $14) 13. Rxe2 $16 Bf6 (13... a6 $142) 14. Ne5 Nd6 15. Na3 ({But not} 15. bxc6 $6 Ndxc4 16. d4 (16. cxb7 Bxb7 17. Bxb7 Rb8 $15) 16... Bxe5 $11) 15... cxb5 (15... c5 $14) 16. axb5 $18 {[#] aiming for c5.} Bd7 (16... a6 $142 17. b6 Nc6) 17. Qb4 Qc7 18. c5 Nf5 19. Bc3 b6 20. Bxa8 Rxa8 21. c6 Be8 22. Nac4 Nxc4 23. Nxc4 ({Much less strong is} 23. Qxc4 a5 $18) 23... Bd4 24. Ne3 Bc5 25. Qg4 h5 26. Qxh5 Nd4 27. Bxd4 $1 Bxd4 28. Ra4 Rd8 29. Qh4 Bxe3 30. Rxe3 Rd5 31. Qc4 Rxd2 32. Rea3 Qe5 (32... Rd1+ $142 33. Kg2 a5) 33. Ra1 g5 34. Rxa7 Qf5 35. Qf1 Kf8 36. Rc1 Rc2 37. Raa1 Rc5 38. Rxc5 bxc5 {[%mdl 4096] Endgame KQR-KQB} 39. c7 Bd7 40. Ra8+ Ke7 41. c8=Q {White mates.} Bxc8 42. Rxc8 Kd7 43. Rc6 Qd5 44. Qc1 c4 45. Qxc4 Qf3 46. Qd4+ {Accuracy: White = 78%, Black = 37%.} 1-0

[Event "6th Vardaris Open 2020"]
[Site "Thessaloniki"]
[Date "2020.02.29"]
[Round "3.17"]
[White "Poupalos, Nikolaos"]
[Black "Trimitzios, Petros"]
[Result "0-1"]
[WhiteElo "1563"]
[BlackElo "2353"]
[Annotator "TA"]
[PlyCount "44"]
[EventDate "2020.02.27"]
[EventType "swiss"]
[EventCountry "GRE"]
[SourceTitle "playchess.com"]
[Source "ChessBase"]
[SourceQuality "1"]

{[%evp 14,44,11,11,34,4,10,10,10,3,7,13,6,0,3,-18,0,-28,-18,-38,-20,-10,-18,-53,-33,-61,-14,-112,-35,-36,-42,-609,-631]} 1. e4 e5 2. Nf3 Nc6 3. Bc4 Bc5 4. O-O Nf6 5. d3 O-O 6. h3 d6 7. c3 h6 8. Re1 Be6 {8...a5 gains popularity. C54: Giuoco Piano: 4 c3 Nf6, main lines with 5 d4 and 5 d3.} 9. Bb5 Bb6 10. Nbd2 a6 {The position is equal.} 11. Ba4 Ne7 12. Nf1 Ng6 {[#]} 13. Ng3 $146 ({Predecessor:} 13. Bc2 Re8 14. d4 c6 15. b3 Bc7 16. Ne3 Nf4 17. Nc4 Ng6 18. Ba3 b5 19. dxe5 dxe5 {1-0 (35) Zhang,L (2183)-Kadeliding,A (1583) Sanya 2017}) 13... d5 14. Bc2 Re8 15. a4 c6 16. b4 dxe4 17. dxe4 Qc7 $36 {[%mdl 2048] Black is more active.} 18. Qe2 Nf4 19. Qf1 Rad8 20. Bb2 (20. a5 $11 {remains equal.} Ba7 21. Rb1) 20... N6h5 (20... Qc8 $17 {[%cal Rf4h3] And now ...Nxh3+! would win.} 21. Bc1 a5) 21. Nxh5 $15 Nxh5 22. Rad1 $2 {[%mdl 8192] [#]} (22. Red1 $15) 22... Ng3 $1 {Accuracy: White = 45%, Black = 84%.} 0-1

[Event "6th Vardaris Open 2020"]
[Site "Thessaloniki"]
[Date "2020.02.29"]
[Round "3.18"]
[White "Tenold, Andreas"]
[Black "Stanojoski, Zvonko"]
[Result "0-1"]
[WhiteElo "1952"]
[BlackElo "2435"]
[Annotator "TA"]
[PlyCount "80"]
[EventDate "2020.02.27"]
[EventType "swiss"]
[EventCountry "GRE"]
[SourceTitle "playchess.com"]
[Source "ChessBase"]
[SourceQuality "1"]

{[%evp 12,80,44,38,33,27,48,29,20,18,46,41,77,68,79,6,18,11,65,24,57,14,20,15,22,0,41,42,45,43,48,23,27,-14,0,-50,-77,-256,-260,-268,-254,-260,-259,-258,-255,-265,-266,-337,-319,-456,-429,-431,-422,-437,-447,-427,-404,-360,-389,-478,-457,-457,-440,-577,-460,-450,-440,-433,-432,-417,-410]} 1. e4 c5 2. Nf3 a6 3. c3 Nf6 4. e5 Nd5 5. d4 cxd4 6. cxd4 e6 7. Nc3 Nxc3 {B28: Sicilian: 2 Nf3 a6 (O'Kelly Variation).} 8. bxc3 d6 9. exd6 Bxd6 {White has an edge.} 10. Bd3 {[#]} h6 $146 ({Predecessor:} 10... Nd7 11. O-O Nf6 12. Bd2 O-O 13. Re1 Bd7 14. Qe2 Qc7 15. Rab1 Rac8 16. Ne5 h6 {0-1 (55) Raccanello,M (1906)-Czarnecka,L (1792) Mamaia 2017}) 11. O-O O-O 12. a4 (12. Bc2 {is more complex.} Qc7 13. Qd3 f5 14. Re1 Nc6 15. Bb3) 12... Nc6 13. Ba3 (13. Re1 $16) 13... Bxa3 $11 14. Rxa3 Qd6 (14... e5 $11) 15. Ra2 Bd7 16. Qe2 Rac8 17. Qe4 {[%csl Gd3][%cal Re4h7] [#]} f5 18. Qe2 Ne7 {[%cal Bc6e7,Be7g6,Bg6f4][%mdl 32]} 19. c4 {[%cal Bc3c4,Bc4c5][%mdl 32]} Ng6 20. c5 Qc7 21. g3 Rf6 22. h4 Bc6 23. h5 Nf4 $1 {[%cal Rf4e2]} 24. gxf4 $2 {This costs White the game.} (24. Qe3 $17 Nh3+ 25. Kh2) 24... Qxf4 $19 {( -> ...Qg4+)} 25. Ne5 Qg5+ 26. Ng4 fxg4 27. Be4 Bd5 $40 {[%mdl 128] Black goes for the king.} ({Much less strong is} 27... Qxh5 28. Bxc6 Rxc6 29. Rb2 $17) 28. Bxd5 Qxd5 29. Rb2 g3 ({Less strong is} 29... Qxh5 30. Rxb7 Qd5 31. Re7 $17) 30. fxg3 (30. Qg4 {might work better.}) 30... Qxd4+ {[%mdl 64] [#] Double Attack} 31. Kg2 {Rd2 is the strong threat.} Qd5+ 32. Kh2 Rxf1 33. Qxf1 Qxh5+ {[%mdl 4096] Endgame KQR-KQR} 34. Kg2 Rxc5 35. Rf2 Qd5+ 36. Kh2 {If White can now play Rf8+ this consolidates a bit.} Qe4 {White must now prevent ...Rh5+.} 37. Qg2 Qxg2+ 38. Kxg2 Ra5 39. Rf4 e5 40. Re4 Kf7 {Accuracy: White = 44%, Black = 83%.} 0-1

[Event "6th Vardaris Open 2020"]
[Site "Thessaloniki"]
[Date "2020.02.29"]
[Round "3.19"]
[White "Sebastian, Andreas"]
[Black "Kesidis, Odyseas"]
[Result "0-1"]
[WhiteElo "1940"]
[BlackElo "2282"]
[Annotator "TA"]
[PlyCount "88"]
[EventDate "2020.02.27"]
[EventType "swiss"]
[EventCountry "GRE"]
[SourceTitle "playchess.com"]
[Source "ChessBase"]
[SourceQuality "1"]

{[%evp 18,88,45,22,27,18,24,9,27,27,23,29,23,16,37,0,0,0,0,-10,0,0,36,-11,-11,-34,0,-60,-5,-99,-95,-112,-19,-52,0,0,0,0,0,-83,-78,-79,-82,-75,-82,-121,-124,-118,-106,-191,-186,-639,-631,-624,-608,-583,-510,-838,-828,-865,-983,-779,-968,-961,-965,-964,-958,-916,-906,-1144,-1079,-1237,-1174]} 1. d4 Nf6 2. Bf4 e6 3. e3 c5 4. c3 Be7 5. Nf3 b6 6. h3 Bb7 7. Bd3 d6 8. O-O O-O 9. Nbd2 cxd4 10. exd4 Nbd7 {A47: 1 d4 Nf6 2 Nf3 b6: Torre, London and Colle Systems.} 11. Nc4 Qc7 12. Qe2 Rfe8 {The position is equal.} 13. Rfe1 Bf8 14. Bh2 Bc6 15. a4 a6 {[#]} 16. Qf1 $146 (16. Ng5 {is interesting.} Bb7 17. Qe3 h6 18. Nf3 Be7 19. Qe2) ({Predecessor:} 16. Nfd2 b5 17. axb5 axb5 18. Ne3 Qb6 19. b4 e5 20. d5 Nxd5 21. Nxd5 Bxd5 22. Bxb5 {1-0 (47) Michna,M (2376)-Steczek,M (2382) Germany 2017}) 16... Bxf3 17. gxf3 g6 18. Nd2 a5 19. Nc4 Nd5 20. Na3 N7f6 21. Nb5 Qd8 22. Rad1 (22. Qg2 $11) 22... Rc8 ({Black should try} 22... Nh5 $15) 23. Bb1 (23. Na7 $11 {keeps the balance.}) 23... Nh5 $17 24. Be4 Nhf4 (24... Ndf4 $17 {Hoping for ...Qh4.} 25. Bg3 d5) 25. Kh1 {Black must now prevent c4.} Qh4 (25... Qg5 $15) 26. Bxd5 $11 exd5 27. Bxf4 Qxf4 28. Rd3 (28. Qd3 $11 {remains equal.}) 28... Rxe1 $17 {White is on the road to losing.} 29. Qxe1 Qf5 $36 {[%mdl 2048] Black is really pushing.} 30. Qf1 Re8 31. Re3 {[#]} Rxe3 $1 32. fxe3 Bh6 33. e4 {[#]} (33. Qe2 $17 {was worth a try.}) 33... Qf4 $1 $19 ({Inferior is} 33... dxe4 34. Nxd6 Qd7 35. Nxe4 $11) 34. Qe2 $2 (34. Nc7) 34... Qc1+ {Black is clearly winning.} 35. Kg2 Be3 {[%csl Ge3][%cal Rc1g1]} 36. Qf1 {Threatening Qxc1.} Qxb2+ 37. Kh1 (37. Kg3 $142 Qd2 38. f4 dxe4 39. Nxd6 Qxc3 40. Nxe4) 37... Bf4 {[%csl Gf4][%cal Rb2h2]} 38. Qg2 Qa1+ 39. Qg1 Qxa4 40. Nc7 {[#]} Qd7 $1 {[%mdl 64] Double Attack} 41. Qg4 Qxg4 42. hxg4 dxe4 43. Nd5 a4 44. fxe4 Bd2 {Accuracy: White = 48%, Black = 84%.} 0-1